El sujeto y el objeto / (Record no. 97418)

MARC details
000 -LEADER
campo de control de longitud fija 00582nam a2200181 i 4500
001 - NÚMERO DE CONTROL
campo de control 97418
003 - IDENTIFICADOR DE NÚMERO DE CONTROL
campo de control ES-MaACL
005 - FECHA Y HORA DE LA ÚLTIMA TRANSACCIÓN
campo de control 20230906182110.0
007 - CAMPO FIJO DE DESCRIPCIÓN FÍSICA--INFORMACIÓN GENERAL
campo de control de longitud fija t|
008 - DATOS DE LONGITUD FIJA--INFORMACIÓN GENERAL
campo de control de longitud fija 050712s1970 sp ||||1| spa d
100 1# - ENTRADA PRINCIPAL--NOMBRE DE PERSONA
Nombre de persona Marco Bordetas, Luis.
9 (RLIN) 76476
245 13 - MENCIÓN DEL TÍTULO
Título El sujeto y el objeto /
Mención de responsabilidad, etc. Luis Marco Bordetas; dibujos José Blanco; portada Alberto Muñiz.
260 ## - PUBLICACIÓN, DISTRIBUCIÓN, ETC.
Lugar de publicación, distribución, etc. Madrid :
Nombre del editor, distribuidor, etc. Sociedad General de Difusión,
Fecha de publicación, distribución, etc. 1970.
300 ## - DESCRIPCIÓN FÍSICA
Extensión 112 p., 3 h., 7 lám. ;
Dimensiones 25 cm.
700 1# - ENTRADA AGREGADA--NOMBRE PERSONAL
Nombre de persona Blanco, José.
9 (RLIN) 29185
700 1# - ENTRADA AGREGADA--NOMBRE PERSONAL
Nombre de persona Muñiz, Alberto.
9 (RLIN) 84257
852 ## - LOCALIZACIÓN
Ubicación ES-MaACL
Número de control de estantería C-37768
Sublocalización o colección R.76327
Holdings
Estatus retirado Estado de pérdida Estado de daño No para préstamo Biblioteca de origen Biblioteca actual Ubicación en estantería Fecha de adquisición Fuente de adquisición Total de préstamos Signatura topográfica completa Código de barras Visto por última vez Precio de reemplazo Tipo de ítem Koha
        Biblioteca del Ateneo de Madrid Biblioteca del Ateneo de Madrid Depósito 2 17/01/2008     C-37768 1101700 23/02/2023 23/02/2023 Libro impreso